Understanding the Thames Gateway (Record no. 74666)

MARC details
000 -LEADER
fixed length control field 01378cab a2200241 4500
001 - CONTROL NUMBER
control field ABS68572
008 - FIXED-LENGTH DATA ELEMENTS--GENERAL INFORMATION
fixed length control field 041213n2004 000 0 eng u
035 ## - SYSTEM CONTROL NUMBER
System control number (Sirsi) u128286
245 ## - TITLE STATEMENT
Title Understanding the Thames Gateway
260 ## - PUBLICATION, DISTRIBUTION, ETC.
Date of publication, distribution, etc. 2004
490 ## - SERIES STATEMENT
Series statement Regeneration and Renewal
Volume/sequential designation November 2004, 44 (LOAN)
520 ## - SUMMARY, ETC.
Summary, etc. Provides an illustrated overview of some of the main areas of opportunity in the Gateway and outlines plans for new homes many of which are to be built on brownfield land. Profiles 10 major development schemes evolving in the Gateway including Barking Riverside, Barking Town Centre, Kent Thameside, Southend, Greenwich Peninsula, Thamesmead, Woolwich Royal Arsenal, Gravesham, Thurrock and Stratford City. Considers: ensuring high quality design, public transport infrastructure links, the involvement of public-private partnerships, (for example a joint venture between English Partnerships and Bellway Homes at Barking Riverside), environmental issues, cross government support are considered. Concludes with a diagram showing organizations involved in the Thames Gateway project.
590 ## - LOCAL NOTE (RLIN)
Local note ABS
650 ## - SUBJECT ADDED ENTRY--TOPICAL TERM
Topical term or geographic name entry element THAMES GATEWAY
650 ## - SUBJECT ADDED ENTRY--TOPICAL TERM
Topical term or geographic name entry element NEW HOMES
650 ## - SUBJECT ADDED ENTRY--TOPICAL TERM
Topical term or geographic name entry element BROWNFIELD SITES
650 ## - SUBJECT ADDED ENTRY--TOPICAL TERM
Topical term or geographic name entry element DESIGN
650 ## - SUBJECT ADDED ENTRY--TOPICAL TERM
Topical term or geographic name entry element HOUSEBUILDING
650 ## - SUBJECT ADDED ENTRY--TOPICAL TERM
Topical term or geographic name entry element PUBLIC TRANSPORT
650 ## - SUBJECT ADDED ENTRY--TOPICAL TERM
Topical term or geographic name entry element Infrastructure
9 (RLIN) 6246
690 ## - LOCAL SUBJECT ADDED ENTRY--TOPICAL TERM (OCLC, RLIN)
Topical term or geographic name as entry element REGENERATION
942 ## - ADDED ENTRY ELEMENTS (KOHA)
Suppress in OPAC 0
Holdings
Withdrawn status Lost status Source of classification or shelving scheme Damaged status Not for loan Home library Current library Shelving location Date acquired Total Checkouts Full call number Barcode Date last seen Date last checked out Copy number Price effective from Koha item type
    Dewey Decimal Classification     London London Journal article 13/12/2004 1 ABS68572 30061965 06/08/2019 14/06/2005 1 06/08/2019 Journal article